LEADER 01503nam 2200457 450 001 9910466001103321 005 20200520144314.0 010 $a1-62273-109-3 035 $a(CKB)3710000000829414 035 $a(MiAaPQ)EBC4647855 035 $a(PPN)198678916 035 $a(Au-PeEL)EBL4647855 035 $a(CaPaEBR)ebr11249204 035 $a(OCoLC)957128297 035 $a(EXLCZ)993710000000829414 100 $a20160906h20162016 uy 0 101 0 $aeng 135 $aurcnu|||||||| 181 $2rdacontent 182 $2rdamedia 183 $2rdacarrier 200 00$aPolitics and web 2.0Evandro Oliveira $ethe participation gap /$fby Peter Dahlgren [and six others] ; edited by Gisela Goncalves, Joaquim Paulo Serra 210 1$aWilmington, Delaware :$cVernon Press,$d2016. 210 4$d©2016 215 $a1 online resource (169 pages) $cillustrations, tables 311 $a1-62273-099-2 320 $aIncludes bibliographical references at the end of each chapters and index. 606 $aPolitical participation$xTechnological innovations 608 $aElectronic books. 615 0$aPolitical participation$xTechnological innovations. 676 $a323.04202854678 702 $aSerra$b Joaquim Paulo 702 $aGoncalves$b Gisela 702 $aDahlgren$b Peter 801 0$bMiAaPQ 801 1$bMiAaPQ 801 2$bMiAaPQ 906 $aBOOK 912 $a9910466001103321 996 $aPolitics and web 2.0Evandro Oliveira$92137607 997 $aUNINA LEADER 01290cam0-22004331i-450 001 990004188600403321 005 20240419173634.0 035 $a000418860 035 $aFED01000418860 035 $a(Aleph)000418860FED01 100 $a19990604d1980----km-y0itay50------ba 101 0 $aita 102 $aIT 105 $ay-------001yy 200 1 $a<>cittą antica$eguida storica e critica$ga cura di Carmine Ampolo 210 $aBari$cLaterza$d1980 215 $aXLIII, 284 p.$d18 cm 225 1 $aUniversale Laterza$v575 610 0 $aMondo antico$aGuida 676 $a320.854 676 $a321.8$v23$zita 702 1$aAmpolo,$bCarmine$f<1947- > 801 0$aIT$bUNINA$gRICA$2UNIMARC 901 $aBK 912 $a990004188600403321 952 $aFONDO PROFESSOR ANTONIO GUARINO XXI A 158$bG/2052$fFGBG 952 $aFIL CLASS. 131(5752)$bFil class.8918$fFLFBC 952 $aAmir. 406$bddr$fDDR 952 $a321.8 AMP 1$bANT. G.R. 3720$fFLFBC 952 $aFCL 131 (575)$bIfcl. 8918$fFLFBC 952 $aDDR-XIX B 007$b22 cnr ddr$fDDR$m21-5011 952 $aDDR-DeMartino-Amp-001$fDDR 952 $aLEPOR 554$bLEPORE 554$fFARBC 959 $aFGBC 959 $aFARBC 959 $aFLFBC 959 $aDDR 996 $aCittą antica$9485163 997 $aUNINA